书目信息 |
| 题名: |
简明建筑给水排水及采暖工程施工验收技术手册
|
|
| 作者: | ;《简明建筑给水排水及采暖工程施工验收技术手册》编委会 编 | |
| 分册: | ||
| 出版信息: | 北京 地震出版社 2005.02 |
|
| 页数: | 295页 | |
| 开本: | 22cm | |
| 丛书名: | 《简明建筑工程施工验收技术手册》系列丛书 | |
| 单 册: | ||
| 中图分类: | TU82-62 , TU8-62 | |
| 科图分类: | ||
| 主题词: | 房屋建筑设备--Fang Wu Jian Zhu She Bei--给排水系统--建筑安装工程--工程验收--技术手册 , 房屋建筑设备--Fang Wu Jian Zhu She Bei--采暖设备--建筑安装工程--工程验收--技术手册 , 建筑设计 | |
| 电子资源: | ||
| ISBN: | 7-5028-2630-0 | |
| 000 | 01893nam 2200349 450 | |
| 001 | CAL 012005037812 | |
| 005 | 20050609180720.11 | |
| 010 | @a7-5028-2630-0@dCNY 38.00 | |
| 099 | @aCAL 012005037812 | |
| 100 | @a20050412d2005 em y0chiy0121 ea | |
| 101 | 0 | @achi |
| 102 | @aCN@b110000 | |
| 105 | @aak a 000yy | |
| 200 | 1 | @a简明建筑给水排水及采暖工程施工验收技术手册@AJian Ming Jian Zhu Ji Shui Pai Shui Ji Cai Nuan Gong Cheng Shi Gong Yan Shou Ji Shu Shou Ce@f本书编委会编@Fben shu bian wei hui bian |
| 210 | @a北京@c地震出版社@d2005.02 | |
| 215 | @a295页@c图@d22cm | |
| 225 | 2 | @a《简明建筑工程施工验收技术手册》系列丛书@A《jian Ming Jian Zhu Gong Cheng Shi Gong Yan Shou Ji Shu Shou Ce 》xi Lie Cong Shu |
| 320 | @a有书目 | |
| 330 | @a本书以《建筑给水排水及采暖工程施工质量验收规范》(GB 50242-2002) 为编写依据,按新颁布的规范编写。全书共分12章,包括建筑给水排水及采暖工程施工简介、室内给水系统安装、室内排水系统安装、室内热水供应系统安装、卫生器具安装、室内采暖系统安装、室外给水管网安装、室外排水管网安装、室外供热管网安装、建筑中水系统及游泳池水系统安装、供热锅炉及辅助设备安装、建筑给水排水及采暖工程强制性条文等内容。 | |
| 333 | @a建筑给水排水与采暖工程施工企业工长、质量员、质检员、建设监理单位监理人员以及监理工程师 | |
| 410 | 0 | @12001 @a简明建筑工程施工验收技术手册系列丛书 |
| 606 | 0 | @a房屋建筑设备@AFang Wu Jian Zhu She Bei@x给排水系统@x建筑安装工程@x工程验收@j技术手册 |
| 606 | 0 | @a房屋建筑设备@AFang Wu Jian Zhu She Bei@x采暖设备@x建筑安装工程@x工程验收@j技术手册 |
| 606 | 0 | @a建筑设计 |
| 690 | @aTU82-62@v4 | |
| 690 | @aTU8-62@v3 | |
| 700 | 0 | @4主编 |
| 711 | 02 | @a《简明建筑给水排水及采暖工程施工验收技术手册》编委会@A《jian Ming Jian Zhu Ji Shui Pai Shui Ji Cai Nuan Gong Cheng Shi Gong Yan Shou Ji Shu Shou Ce 》bian Wei Hui@4编 |
| 801 | 0 | @aCN@bDUTL@c20050609 |
| 905 | @a10447@dTU8-62@eJ686 | |
| 906 | @dCNY38.00@n0@r1 | |
| 998 | @aDUTL | |
| 简明建筑给水排水及采暖工程施工验收技术手册/本书编委会编.-北京:地震出版社,2005.02 |
| 295页:图;22cm.-(《简明建筑工程施工验收技术手册》系列丛书) |
| 使用对象:建筑给水排水与采暖工程施工企业工长、质量员、质检员、建设监理单位监理人员以及监理工程师 |
| ISBN 7-5028-2630-0:CNY 38.00 |
| 本书以《建筑给水排水及采暖工程施工质量验收规范》(GB 50242-2002) 为编写依据,按新颁布的规范编写。全书共分12章,包括建筑给水排水及采暖工程施工简介、室内给水系统安装、室内排水系统安装、室内热水供应系统安装、卫生器具安装、室内采暖系统安装、室外给水管网安装、室外排水管网安装、室外供热管网安装、建筑中水系统及游泳池水系统安装、供热锅炉及辅助设备安装、建筑给水排水及采暖工程强制性条文等内容。 |
| ● |
| 相关链接 |
|
|
|
正题名:简明建筑给水排水及采暖工程施工验收技术手
索取号:TU8-62/J686
 
预约/预借
| 序号 | 登录号 | 条形码 | 馆藏地/架位号 | 状态 | 备注 |
| 1 | 532157 | 205321579 | 建筑库201/201建筑库 49排3列4层/ [索取号:TU8-62/J686] | 在馆 | |
| 2 | 532158 | 205321588 | 建筑库201/201建筑库 49排3列4层/ [索取号:TU8-62/J686] | 在馆 | |
| 3 | 532159 | 205321597 | 建筑库201/201建筑库 49排3列4层/ [索取号:TU8-62/J686] | 在馆 |